00387nam a22001457a 4500003000400000020001800004082002300022245009900045260002700144300000900171440001800180546001200198650002100210700001000231OSt a9788194148999 bCCRAS/TR 2016-2017 aHealth related demography in Ahmedabad district Gujarat:bswasthya rakshan programme 2016-2017 aNew delhibCCRASc2019 a38p. aSRP Seriesv1 aEnglish atechnical report aCCRAS